<?xml version="1.0" encoding="UTF-8"?>
<record
    xmlns:xsi="http://www.w3.org/2001/XMLSchema-instance"
    xsi:schemaLocation="http://www.loc.gov/MARC21/slim http://www.loc.gov/standards/marcxml/schema/MARC21slim.xsd"
    xmlns="http://www.loc.gov/MARC21/slim">

  <leader>01581cam a2200457   4500</leader>
  <datafield tag="999" ind1=" " ind2=" ">
    <subfield code="c">23433</subfield>
    <subfield code="d">23433</subfield>
  </datafield>
  <controlfield tag="001">vtls012078061</controlfield>
  <controlfield tag="005">20221011072633.0</controlfield>
  <controlfield tag="008">211119s2021    xo     gr     010 f slo  </controlfield>
  <datafield tag="020" ind1=" " ind2=" ">
    <subfield code="a">9788055179094</subfield>
    <subfield code="q">(viazan&#xE9;)</subfield>
  </datafield>
  <datafield tag="040" ind1=" " ind2=" ">
    <subfield code="a">TVZK</subfield>
    <subfield code="b">slo</subfield>
    <subfield code="c">TVZK</subfield>
    <subfield code="d">SNK</subfield>
    <subfield code="e">rda</subfield>
  </datafield>
  <datafield tag="041" ind1="1" ind2=" ">
    <subfield code="a">slo</subfield>
    <subfield code="h">eng</subfield>
  </datafield>
  <datafield tag="044" ind1=" " ind2=" ">
    <subfield code="a">xo</subfield>
    <subfield code="c">SK</subfield>
  </datafield>
  <datafield tag="072" ind1=" " ind2="7">
    <subfield code="a">821-111-3</subfield>
    <subfield code="x">Anglick&#xE1; pr&#xF3;za, anglicky p&#xED;san&#xE1;</subfield>
    <subfield code="2">konspekt</subfield>
  </datafield>
  <datafield tag="072" ind1=" " ind2="7">
    <subfield code="a">929</subfield>
    <subfield code="x">Biografie</subfield>
    <subfield code="2">konspekt</subfield>
  </datafield>
  <datafield tag="080" ind1=" " ind2=" ">
    <subfield code="a">323.12"1939/1945"</subfield>
    <subfield code="2">2011</subfield>
  </datafield>
  <datafield tag="080" ind1=" " ind2=" ">
    <subfield code="a">(=411.16)</subfield>
    <subfield code="2">2011</subfield>
  </datafield>
  <datafield tag="080" ind1=" " ind2=" ">
    <subfield code="a">821.111(931)-31</subfield>
    <subfield code="2">2011</subfield>
  </datafield>
  <datafield tag="080" ind1=" " ind2=" ">
    <subfield code="a">821-312.6</subfield>
    <subfield code="2">2011</subfield>
  </datafield>
  <datafield tag="100" ind1="1" ind2=" ">
    <subfield code="a">Morris, Heather,</subfield>
    <subfield code="d">1953-</subfield>
    <subfield code="4">aut</subfield>
    <subfield code="9">3648</subfield>
  </datafield>
  <datafield tag="240" ind1="1" ind2="0">
    <subfield code="a">Stories of Hope</subfield>
    <subfield code="l">Slovensky</subfield>
  </datafield>
  <datafield tag="245" ind1="1" ind2="0">
    <subfield code="a">Pr&#xED;beh n&#xE1;deje</subfield>
    <subfield code="b">ako n&#xE1;js&#x165; in&#x161;pir&#xE1;ciu v ka&#x17E;dodennom &#x17E;ivote</subfield>
    <subfield code="c">Heather Morrisov&#xE1; ; prelo&#x17E;ila Zdenka Buntov&#xE1;</subfield>
  </datafield>
  <datafield tag="264" ind1=" " ind2="1">
    <subfield code="a">Bratislava</subfield>
    <subfield code="b">Ikar</subfield>
    <subfield code="c">2021</subfield>
  </datafield>
  <datafield tag="300" ind1=" " ind2=" ">
    <subfield code="a">243 str&#xE1;n</subfield>
    <subfield code="c">21 cm</subfield>
  </datafield>
  <datafield tag="336" ind1=" " ind2=" ">
    <subfield code="a">text</subfield>
    <subfield code="b">txt</subfield>
    <subfield code="2">rdacontent</subfield>
  </datafield>
  <datafield tag="337" ind1=" " ind2=" ">
    <subfield code="a">bez m&#xE9;dia</subfield>
    <subfield code="b">n</subfield>
    <subfield code="2">rdamedia</subfield>
  </datafield>
  <datafield tag="338" ind1=" " ind2=" ">
    <subfield code="a">zv&#xE4;zok</subfield>
    <subfield code="b">nc</subfield>
    <subfield code="2">rdacarrier</subfield>
  </datafield>
  <datafield tag="500" ind1=" " ind2=" ">
    <subfield code="a">Prelo&#x17E;en&#xE9; z angli&#x10D;tiny</subfield>
  </datafield>
  <datafield tag="500" ind1=" " ind2=" ">
    <subfield code="a">Ob&#xE1;lkov&#xFD; podn&#xE1;zov</subfield>
  </datafield>
  <datafield tag="600" ind1="1" ind2="0">
    <subfield code="a">Sokolov, Ludwig Lale,</subfield>
    <subfield code="d">1916-2006</subfield>
    <subfield code="2">SNKMA</subfield>
    <subfield code="9">3649</subfield>
  </datafield>
  <datafield tag="650" ind1="0" ind2="7">
    <subfield code="a">holokaust (1939-1945)</subfield>
    <subfield code="2">SNKPH</subfield>
    <subfield code="9">1733</subfield>
  </datafield>
  <datafield tag="650" ind1=" " ind2="7">
    <subfield code="a">&#x17D;idia</subfield>
    <subfield code="2">SNKPH</subfield>
    <subfield code="9">1732</subfield>
  </datafield>
  <datafield tag="650" ind1="0" ind2="7">
    <subfield code="a">Holocaust, 1939-1945</subfield>
    <subfield code="2">SNKPHeng</subfield>
    <subfield code="9">1738</subfield>
  </datafield>
  <datafield tag="650" ind1=" " ind2="7">
    <subfield code="a">Jews</subfield>
    <subfield code="2">SNKPHeng</subfield>
    <subfield code="9">1737</subfield>
  </datafield>
  <datafield tag="655" ind1=" " ind2="7">
    <subfield code="a">novoz&#xE9;landsk&#xE9; rom&#xE1;ny</subfield>
    <subfield code="2">SNKPH</subfield>
    <subfield code="9">3650</subfield>
  </datafield>
  <datafield tag="655" ind1=" " ind2="7">
    <subfield code="a">biografick&#xE9; rom&#xE1;ny</subfield>
    <subfield code="2">SNKPH</subfield>
    <subfield code="9">2126</subfield>
  </datafield>
  <datafield tag="655" ind1=" " ind2="7">
    <subfield code="a">New Zealand fiction</subfield>
    <subfield code="2">SNKPHeng</subfield>
    <subfield code="9">3651</subfield>
  </datafield>
  <datafield tag="655" ind1=" " ind2="7">
    <subfield code="a">Biographical novels</subfield>
    <subfield code="2">SNKPHeng</subfield>
    <subfield code="9">2127</subfield>
  </datafield>
  <datafield tag="700" ind1="1" ind2=" ">
    <subfield code="a">Buntov&#xE1;, Zdenka,</subfield>
    <subfield code="d">1951-</subfield>
    <subfield code="4">trl</subfield>
    <subfield code="9">2894</subfield>
  </datafield>
  <datafield tag="958" ind1=" " ind2=" ">
    <subfield code="a">LX</subfield>
  </datafield>
  <datafield tag="958" ind1=" " ind2=" ">
    <subfield code="a">UP</subfield>
  </datafield>
  <datafield tag="952" ind1=" " ind2=" ">
    <subfield code="0">0</subfield>
    <subfield code="1">0</subfield>
    <subfield code="2">udc</subfield>
    <subfield code="4">0</subfield>
    <subfield code="7">0</subfield>
    <subfield code="8">K</subfield>
    <subfield code="a">10000</subfield>
    <subfield code="b">10000</subfield>
    <subfield code="d">2022-10-11</subfield>
    <subfield code="g">5.00</subfield>
    <subfield code="i">21767</subfield>
    <subfield code="l">4</subfield>
    <subfield code="o">B10574</subfield>
    <subfield code="p">B10574</subfield>
    <subfield code="r">2024-11-04</subfield>
    <subfield code="s">2024-08-12</subfield>
    <subfield code="w">2022-10-11</subfield>
    <subfield code="y">KLDO</subfield>
  </datafield>
</record>
